000
00322nam a2200109Ia 4500
008
171204s9999 xx 000 0 und d
245
_a
Principles Of Microeconomics:
245
_c
Ray C. Fair
260
_c
2013
650
_x
MICROECONOMICS AND THEORY & PRACTICE
856
_u
http://down.ebook777.com/018/978-0273790044.pdf
999
_c
345738
_d
345738